000
00307nam a22001337a 4500
008
180201b xxu||||| |||| 00| 0 eng d
020
_a
1928896146
041
_a
eng
080
_a
37
100
_a
45
101
_a
edu
245
_a
prepaRING EARLY CHILDHOOD PROFESIONALS
_c
MARILOU.H
942
_2
udc
_c
BK
999
_c
41457
_d
41457